01673nam a2200421 i 450000100060000000300080000600500170001400600190003100700150005000800410006502000270010602000280013303500220016104000310018305000270021408000140024108200180025510000380027324501370031126400840044830000410053233600310057333700330060433800430063749000420068050000220072250400280074458800830077259001620085565000100101765000290102765000270105665500270108379700180111083000430112885600630117199900170123485863FINmELB20241217171428.0m o d | cr cnu||||||||240726s2024 sp ob 001 0 spa d a9788411660723q(print) a9788411660730q(e-book) a(OCoLC)1453054062 aFINmELBbspaerdacFINmELB 4aPN1995.9.H6bH638 2024 a791.221.904a791.436162231 aHigueras Flores, Rubén,eautor.10aRetóricas del cine de terror :b50 películas esenciales para el estudio del terror cinematográfico /cRubén Higueras Flores. 1aBarcelona (España) :bEditorial UOC (Universitat Oberta de Catalunya),c2024. a1 recurso en línea (197 páginas) atextobtxt2rdacontent/spa acomputadorabc2rdamedia/spa arecurso en líneabcr2rdacarrier/spa1 aFilmografías esenciales ; Géneros aIncluye índice. aIncluye bibliografía. aDescripción basada en metadatos suministrados por el editor y otras fuentes. aRecurso electrónico. Santa Fe, Arg.: elibro, 2024. Disponible vía World Wide Web. El acceso puede estar limitado para las bibliotecas afiliadas a elibro. 4aCine. 4aCinexGénerosxHorror. 4aPelículas de Horror. 4aLibros electrónicos.2 aelibro, Corp. 0aFilmografías esenciales ; Géneros.40uhttps://elibro.net/ereader/politecnicointernacional/269355 c85863d85863